| 000 | 00372nam a22001457a 4500 | ||
|---|---|---|---|
| 999 |
_c193616 _d193616 |
||
| 008 | 221104b ||||| |||| 00| 0 eng d | ||
| 082 | _a910-HEM | ||
| 100 | _aHEMMADY (C.K.R) | ||
| 245 |
_aEARTHQUAKES _hENGLISH |
||
| 260 |
_aNEW DELH _bA.I.C.B _cROHINI |
||
| 270 | _aA.I.C.B ,ROHINI NEW DELHI | ||
| 300 |
_a. _b. _c12X13 |
||
| 490 | _v1-2 | ||
| 942 |
_2ddc _cBRLEN _k910 _mHEM |
||